|
|
|
|
| LEADER |
00000nam a2200000 a 4500 |
| 001 |
vtls010547962 |
| 003 |
SK-MaSNL |
| 005 |
20260301090207.0 |
| 007 |
co cg muuua |
| 008 |
160430s2013 xo | fs 000 0 slo |
| 015 |
|
|
|a SNBS2015
|
| 020 |
|
|
|a 9788022536615 (elektronická kniha)
|
| 040 |
|
|
|a SNK
|b slo
|c SNK
|e AACR2
|
| 041 |
0 |
|
|a slo
|
| 044 |
|
|
|a xo
|c SK
|
| 072 |
|
7 |
|a 339
|x Obchod
|2 konspekt
|
| 080 |
|
|
|a 339
|2 2001
|
| 080 |
|
|
|a 658.114
|2 2001
|
| 080 |
|
|
|a 339.138
|2 2001
|
| 080 |
|
|
|a 366.1
|2 2001
|
| 080 |
|
|
|a (0.034.44)
|2 2001
|
| 080 |
|
|
|a (082)
|2 2001
|
| 110 |
2 |
|
|a Ekonomická univerzita v Bratislave.
|b Obchodná fakulta.
|b Študentská vedecká odborná činnosť
|d (2013 :
|c Bratislava, Slovensko)
|4 aut
|9 162390
|
| 245 |
1 |
0 |
|a Študentská vedecko-odborná činnosť Obchodnej fakulty 2013
|h elektronický zdroj
|c zostavili: Peter Drábik, Ivan Hlavatý, Peter Červenka
|
| 260 |
|
|
|a Bratislava
|b Ekonóm
|c 2013
|
| 300 |
|
|
|a 1 elektronický optický disk (DVD-ROM)
|b fareb.
|c 12 cm
|
| 500 |
|
|
|a Názov z titulnej obrazovky
|
| 504 |
|
|
|a Bibliogr. odkazy
|
| 516 |
|
|
|a Textový dokument (zborník), súbory vo formáte html, pdf
|
| 538 |
|
|
|a Technické požiadavky: internetový prehliadač, PDF prehliadač
|
| 650 |
0 |
7 |
|a obchod
|2 SNKPH
|9 2198
|
| 650 |
0 |
7 |
|a podnikanie
|2 SNKPH
|9 1757
|
| 650 |
0 |
7 |
|a marketing
|2 SNKPH
|9 2299
|
| 650 |
0 |
7 |
|a spotrebiteľské správanie
|2 SNKPH
|9 68696
|
| 650 |
0 |
7 |
|a Commerce
|2 SNKPHeng
|9 325925
|
| 650 |
0 |
7 |
|a Business
|2 SNKPHeng
|9 268171
|
| 650 |
0 |
7 |
|a Consumer behavior
|2 SNKPHeng
|9 270338
|
| 655 |
|
7 |
|a elektronické zdroje
|2 SNKPH
|9 90954
|
| 655 |
|
7 |
|a DVD
|2 SNKPH
|9 70751
|
| 655 |
|
7 |
|a zborníky
|2 SNKPH
|9 70165
|
| 655 |
|
7 |
|a Electronic resources
|2 SNKPHeng
|9 175546
|
| 655 |
|
7 |
|a Papers of several authors
|2 SNKPHeng
|9 153738
|
| 700 |
1 |
|
|a Drábik, Peter,
|d 1981-
|4 com
|9 216439
|
| 700 |
1 |
|
|a Hlavatý, Ivan,
|d 1978-
|4 com
|9 335615
|
| 700 |
1 |
|
|a Červenka, Peter,
|d 1976-
|4 com
|9 216124
|
| 919 |
|
|
|a 978-80-225-3661-5
|
| 958 |
|
|
|a NB
|
| 999 |
|
|
|c 667607
|d 669537
|
| 952 |
|
|
|a SNK
|b SNK
|y NEVYP
|7 1
|p 17A1090576
|o snkSDVD 1720
|i snk2013/23530
|8 0
|0 0
|1 0
|4 0
|d 2013-10-03
|l 0
|r 2026-02-23 19:15:30
|w 2026-02-23
|
| 952 |
|
|
|t snkSTU 339:37
|a SNKMST
|b SNKMST
|y PREZ
|7 0
|p 17A1090577
|o snkSDVD 1720 D1
|i snk2013/23531
|8 0
|0 0
|1 0
|4 0
|d 2013-10-03
|l 0
|r 2025-08-13 00:00:00
|w 2026-02-23
|